00795nam a2200229 a 45000050016000000080041000160100014000570200026000710350013000970370015001100400018001250820013001431000028001562450059001842600036002432700047002793000030003265000019003569420027003759990017004029520146004192009062009449.0061030s2007 nyu b 001 0 eng  aENG-94158 a9788120337022c225.00 aEN-77691 bDBAD / PUB adplbEnglish  a004.0684 aDubey, Sanjiva Shankar  aIT strategy and management /cby Sanjiva Shankar Dubey aNew Delhi bPHI Learning c2009 aM-97 Connaught Circus bNew Delhi e110001 axiii, 226 p. c24cm(pbk)  aIncludes index 2ddccENh004.0684mDUB c27700d27700 00102ddc40718NFICaDBADbDBADd2009-06-20eDBAD / PUBg225.00l0o004.0684 DUBpEN-77691r2009-06-20 00:00:00t1v225.00w2009-06-20yEN